médicaments cerveaux - Statistics

General Stats
  • This quiz has been taken 9 times
  • The average score is 7 of 60
Answer Stats
Hint Answer % Correct
ibuprofène anti inflammatoire non stéroidien/AINS
67%
zolmitriptan agoniste sélectif des récepteurs 5HT1/triptan
33%
ceftriaxone antibiotique/céphalosporine
33%
méthylprednisolone anti inflammatoire stéroidien/AIS
33%
alprazolam benzodiazépine anxiolytique
33%
venlafaxine inhibiteur de la recapture de la sérotonine et de la noradrénaline/IRSNA
33%
fluoxétine inhibiteur spécifique de la recapture de la sérotonine/ISRS
33%
sertraline inhibiteur spécifique de la recapture de la sérotonine/ISRS
33%
mélatonine agoniste des récepteurs de la mélatonine
17%
almotriptan agoniste sélectif des récepteurs 5HT1/triptan
17%
tramadol antalgique opioide faible/antalgique de palier 2
17%
codéine antalgique opioide faible/antalgique de palier 2
17%
morphine antalgique opioide fort/antalgique de palier 3
17%
fentanyl antalgique opioide fort/antalgique de palier 3
17%
paracétamol antalgique périphérique de palier 1
17%
néfopam antalgique pur/antalgique de palier 1
17%
carbamazépine antiépileptique
17%
lamictal antiépileptique nouvelle génération
17%
lyrica antiépileptique nouvelle génération
17%
doxylamine antihistaminique H1
17%
acide méfénamique anti inflammatoire non stéroidien/AINS
17%
phloroglucinol/spasfon antispasmodique/musculotrope ou non anticholinergique
17%
meteoxane antispasmodique/musculotrope ou non anticholinergique
17%
zopiclone benzodiazepine apparenté
17%
loprazepam benzodiazepine hypnotique
17%
interferon immunomodulateur/immunosuppresseur
17%
carbidopa inhibiteur de la dopadécarboxylase/périphérique
17%
duloxétine inhibiteur de la recapture de la sérotonine et de la noradrénaline/IRSNA
17%
escitalopram inhibiteur spécifique de la recapture de la sérotonine/ISRS
17%
quétiapine neuroleptique atypique
17%
risperidone neuroleptique atypique
17%
cyamémazine neuroleptique conventionnel
17%
lévodopa précurseur de la dopamine
17%
amantadine agoniste dopaminergique
0%
pramipexole agoniste dopaminergique
0%
rotigotine agoniste dopaminergique
0%
buprénorphine analgésique agoniste-antagoniste
0%
mémantine antagoniste des récepteurs NMDA
0%
bipéridène anticholinergique
0%
tropatrépine anticholinergique
0%
aglomélatine Antidépresseurs agonistes mélatoninergiques
0%
miansérine antidépresseurs alpha2 présynaptique
0%
mirtazapine antidépresseurs alpha2 présynaptique
0%
clomipramine antidépresseur tricyclique
0%
amitriptyline antidépresseur tricyclique
0%
gardenal/phénobarbital antiépileptique ancienne génération
0%
tegretol antiépileptique ancienne génération
0%
valproate de sodium antiépileptique/thymorégulateur
0%
alimémazine antihistaminique H1
0%
atropine sulfate antispasmodique anticholinergique
0%
urbanyl benzodiazepine anticonvulsivant
0%
midazolam benzodiazepine hypnotique
0%
ergotamine dérivé de l'ergot de seigle
0%
tériflunomide/aubagio immunomodulateur/immunosuppresseur
0%
donépézil inhibiteur de l'acétylcholinestérase
0%
rivastigmine inhibiteur de l'acétylcholinestérase
0%
entacapone inhibiteur de la COMT/inhibiteur de la catéchol-O-métyltransférase
0%
rasaglinide inhibiteur de la monoamine-oxydase de type B/IMAO-B
0%
sélégiline inhibiteur de la monoamine-oxydase de type B/IMAO-B
0%
lithium thymorégulateur
0%
No matching quizzes found
Score Distribution
Percent of People with Each Score
Percentile by Number Answered
Your Score History
You have not taken this quiz